000
00330nam a22001457a 4500
003
SGT
020
_a
978-81-312-6967-1
082
_a
612
_b
HAL
100
_a
HALL, JOHN E.
245
_a
TEXTBOOK OF MEDICAL PHYSIOLOGY
260
_a
INDIA
_b
ELSEVIER
_c
2025
300
_a
1146
650
_a
MEDICAL PHYSIOLOGY
942
_2
ddc
_c
BK
999
_c
32968
_d
32968